000 00817cam a2200253 a 4500
003 OSt
005 20260206102909.0
008 960307s1997 enka b 001 0 eng
020 _a0415143470
020 _a0415143489
_qpbk.
020 _a9780415143486
_q(pbk.)
040 _aKABLIB
_cKABLIB
_beng
_erda
082 0 0 _a331.137
_223
_bWOR
245 0 0 _aWorking for full employment /
_cedited by John Philpott.
260 _aNew York :
_bRoutledge,
_c1997.
300 _axix, 239 p. :
_bill. ;
_c24 cm.
504 _aIncludes bibliographical references and index.
650 0 _aFull employment policies
_zGreat Britain.
_915450
650 0 _aUnemployment
_zGreat Britain.
_915493
650 0 _aFull employment policies.
_915494
650 0 _aUnemployment.
_915495
700 1 _aPhilpott, John.
_915496
942 _2ddc
_cBOOK
999 _c6097
_d6097